Business Communication (Record no. 34903)

MARC details
000 -LEADER
fixed length control field 00431nam a22001577a 4500
005 - DATE AND TIME OF LATEST TRANSACTION
control field 20231212143000.0
008 - FIXED-LENGTH DATA ELEMENTS--GENERAL INFORMATION
fixed length control field 231212b |||||||| |||| 00| 0 eng d
082 ## - DEWEY DECIMAL CLASSIFICATION NUMBER
Classification number 658.45
Item number IMR
100 ## - MAIN ENTRY--AUTHOR
Author Name Imran, Ahmad Hashmi
245 ## - TITLE STATEMENT
Title Business Communication
Remainder of title Short Questions/Answers B.Com-II
260 ## - PUBLICATION, DISTRIBUTION, ETC.
Place of Publication Lahore
Name of publisher, distributor, etc. Azeem Academy
300 ## - PHYSICAL DESCRIPTION
Pages 306
650 ## - SUBJECT ADDED ENTRY--TOPICAL TERM
Subject / Department Management/Business Communication
700 ## - ADDED ENTRY--PERSONAL NAME
Personal name Rizwan, Saeed
952 ## - LOCATION AND ITEM INFORMATION (KOHA)
-- 0
-- 0
Holdings
Lost status Damaged status Collection code Permanent Location Current Location Date acquired Accession No./Barcode Date last seen item type Koha item type
    Management Superior Information Resource Center (SIRC) Superior University - City Campus Superior Information Resource Center (SIRC) Superior University - City Campus 12/12/2023 28280 12/12/2023 BOOK BOOK

Powered by Koha